000 01342nam0a2200361 4500
001 RU\NLR\bibl\1862025
005 20250616183257.0
010 _a978-5-389-03222-4
_910000
021 _aRU
_b2012-1552
_9122
035 _a(nilc)RSL-KNO-005380266
035 _a(NLR Aleph) 001851923
090 _a2413768
_c2413768
100 _a20120206d2012 |||y0rusy50 ca
101 1 _arus
_cfin
102 _aRU
105 _aa |||||||||
200 1 _aРалли в Муми-доле
_e[для младшего школьного возраста]
_fКлив Алан, Туомас Мякеля
_g[пер. с фин. Анны Сидоровой]
210 _aСанкт-Петербург
_cАзбука
_d2012 [т.е. 2011]
215 _a[24] с.
_cцв. ил.
_d19
225 1 _aСерия "Малышам о муми-троллях"
300 _aКн. фактически изд. в 2011 г.
686 _aШ9(2)70(4Фн)
_2rubbk
686 _aШ9(4Фн)60-4
700 1 _aАлан
_bК.
_gКлив
_4070
701 1 _4070
_7ca
_8rus
_aМякеля
_bТ.
_cиллюстратор
_gТуомас
_9261737
_3RU\NLR\AUTH\770261793
801 0 _aRU
_bRuMoRKP
_c20120206
_grcr
801 1 _aRU
_bРГБ
_c20120206
801 2 _aRU
_bNLR
_c20120130
_grcr
942 _cBOOK
980 _aNB
980 _aNBR